Microsoft Word 2000 complete tutorial /
Introduction to Microsoft word. Advanced Microsoft Word. Advanced communications with Microsoft Word. Introduction to Microsoft publisher & Microsoft frontpage.
Guardat en:
| Autor principal: | |
|---|---|
| Altres autors: | |
| Format: | Llibre |
| Idioma: | English |
| Publicat: |
Cincinnati, OH :
South-Western Educational,
2000.
|
| Matèries: | |
| Etiquetes: |
Afegir etiqueta
Sense etiquetes, Sigues el primer a etiquetar aquest registre!
|
| Thư viện lưu trữ: | Mạng thư viện Đại học Đà Nẵng |
|---|
| LEADER | 01143cam a2200361 i 4500 | ||
|---|---|---|---|
| 001 | 000047381 | ||
| 003 | 7046 | ||
| 005 | 20030410083320.0 | ||
| 008 | 010326|2000 vm 000 eng | ||
| 020 | |a 0538688335 | ||
| 040 | |a IRC |c IRC |d IRC | ||
| 041 | 0 | |a eng | |
| 082 | 1 | 4 | |a 005.15 |b MO-C |
| 100 | 1 | |a Morrison, Connie. | |
| 245 | 0 | 0 | |a Microsoft Word 2000 complete tutorial / |c Connie Morrison, William R. Pasewark. |
| 260 | |a Cincinnati, OH : |b South-Western Educational, |c 2000. | ||
| 300 | |a 543p.,1 v. (various pagings) : |b ill. (some col.) ; |c 27.5cm. | ||
| 520 | 3 | |a Introduction to Microsoft word. Advanced Microsoft Word. Advanced communications with Microsoft Word. Introduction to Microsoft publisher & Microsoft frontpage. | |
| 630 | 0 | 4 | |a Microsoft Word. |
| 630 | 0 | 4 | |a Word processing. |
| 650 | 0 | 4 | |a Microsoft Word. |
| 650 | 0 | 4 | |a Word processing. |
| 700 | 1 | |a Pasewark, William R., |c Sr. | |
| OWN | |a DUT | ||
| 999 | |a From the UDN01 | ||
| TYP | |a Monograph | ||
| TYP | |a Printed language | ||
| 980 | |a Mạng thư viện Đại học Đà Nẵng | ||


